000 00783nam a2200229Ii 4500
003 JO-AjNU
008 230605s9999||||xx |||||||||||||| ||und||
017 _a2002/8215
040 _aJO-AjNU
_bara
_erda
_cJO-AjNU
041 _aara
050 1 4 _aDS109.94.M87 2003
100 3 _aتاليف مصطفى، عبد التواب,
_eauthor
_934539
245 0 0 _aنقض شريعة الهيكل وكيف تعود القدس
250 _aط1
264 3 1 _aمصر: مركز الاعلام العربي، 2003
300 _a183ص
336 _atext
_btxt
_2rdacontent
337 _aunmediated
_bn
_2rdamedia
338 _avolume
_bnc
_2rdacarrier
490 0 _aسلسلة كتاب القدس؛ 15
650 4 _aالقدس- تاريخ- الاحتلال الاسرائيلسي- 1948
_934540
999 _aA14173
_c17741
_d17741